The constitutionalization of the global corporate sphere

Бібліографічні деталі
Автор: Thompson, Grahame
Формат: Електронний ресурс eКнига
Мова:English
Опубліковано: Oxford University Press
Предмети:
Онлайн доступ:Full text available on Oxford Academic
Off-campus access
LEADER 01214pam a2200253 a 4500
001 AALebookCAM000621
003 BD-DhAAL
006 m||||||||d||||||||
007 cr||||||||||||
008 221122s9999 xxuabf fo j 001 0 eng d
020 |a 9780191746079 (ebook) : 
040 |a BD-DhAAL  |c BD-DhAAL 
100 1 |a Thompson, Grahame. 
245 0 0 |h [electronic resource]  |a The constitutionalization of the global corporate sphere 
260 |b Oxford University Press 
300 |a 1 online resource 
500 |a <strong>Off-Campus Access:</strong> Athens ID and Password Required 
500 |a <strong>On-Campus Access:</strong> No User ID or Password Required 
506 |a Electronic access restricted to authorized BRAC University faculty, staff and students 
538 |a Mode of access: Internet 
650 4 |a Corporation law.;Corporate governance.;International law.;International organization.;Globalization. 
655 |a Electronic books  |2 Library of Congress 
856 4 0 |z Full text available on Oxford Academic  |u http://dx.doi.org/10.1093/acprof:oso/9780199594832.001.0001 
856 4 0 |z Off-campus access  |u https://go.openathens.net/redirector/bracu.ac.bd?url=http://dx.doi.org/10.1093/acprof:oso/9780199594832.001.0001